[Event "Copenhagen Chess Challenge 2017"]
[Site "Ballerup"]
[Date "2017.05.13"]
[Round "7.17"]
[White "Itkin, David"]
[Black "Hansen, Mads"]
[Result "1-0"]
[WhiteElo "2118"]
[BlackElo "2440"]
[PlyCount "115"]
[EventDate "2017.05.10"]

1. e4 e5 2. Nf3 Nc6 3. Nc3 Nf6 4. Be2 d5 5. exd5 Nxd5 6. O-O Nxc3 7. dxc3 Bd6
8. Be3 O-O 9. Ng5 h6 10. Ne4 Qe7 11. c4 f5 12. Nc3 f4 13. c5 fxe3 14. cxd6 cxd6
15. Nd5 exf2+ 16. Rxf2 Qd8 17. Rxf8+ Kxf8 18. Qd3 Kg8 19. Qg6 Qg5 20. Qe8+ Kh7
21. Bd3+ e4 22. Bxe4+ Bf5 23. Bxf5+ Qxf5 24. Qxa8 Qxd5 25. c3 Qc5+ 26. Kh1 Qb5
27. Qf8 Qxb2 28. Qf5+ Kg8 29. Re1 Ne5 30. Qe6+ Kh7 31. Qxd6 Ng6 32. Qd3 Qxa2
33. h3 a5 34. Qf5 Qd2 35. Re6 Qc1+ 36. Kh2 Qf4+ 37. Qxf4 Nxf4 38. Re5 a4 39.
Ra5 Ne2 40. c4 Nc3 41. Kg3 b6 42. Ra6 b5 43. cxb5 Nxb5 44. Rxa4 Nc3 45. Ra6 Nd5
46. Kg4 Ne3+ 47. Kf3 Nf5 48. Kf4 Ne7 49. Ke5 Ng6+ 50. Ke6 Nf4+ 51. Kf7 g5 52.
Ra2 h5 53. Kf6 Kh6 54. Kf5 h4 55. Kg4 Kg6 56. Ra6+ Kh7 57. Kxg5 Nxg2 58. Re6
1-0

[Event "Copenhagen Chess Challenge 2017"]
[Site "Ballerup"]
[Date "2017.05.13"]
[Round "7.18"]
[White "Stojanovski, Sandi"]
[Black "Fossan, Andreas"]
[Result "1-0"]
[WhiteElo "2277"]
[BlackElo "1994"]
[PlyCount "71"]
[EventDate "2017.05.10"]

1. c4 Nf6 2. g3 e6 3. Nf3 d5 4. Bg2 Be7 5. b3 O-O 6. O-O c5 7. e3 d4 8. exd4
cxd4 9. Ba3 Nc6 10. Bxe7 Qxe7 11. Re1 Rb8 12. d3 Qc5 13. Nbd2 Re8 14. a3 a5 15.
b4 axb4 16. Nb3 Qd6 17. axb4 Nxb4 18. Nfxd4 Bd7 19. Qd2 Na6 20. Nc2 Nc5 21.
Nxc5 Qxc5 22. Qb4 Qf5 23. Qc3 e5 24. Ra5 b5 25. c5 e4 26. c6 Bc8 27. dxe4 Nxe4
28. Qe3 Qf6 29. Bxe4 Bf5 30. c7 Rbc8 31. Bxf5 Rxe3 32. Bxc8 Rxe1+ 33. Nxe1 Qc3
34. Bb7 Qxe1+ 35. Kg2 Qxa5 36. c8=Q+ 1-0

[Event "Copenhagen Chess Challenge 2017"]
[Site "Ballerup"]
[Date "2017.05.13"]
[Round "7.19"]
[White "Akdag, Dara Sevkan"]
[Black "Larsen, Ulrik"]
[Result "1-0"]
[WhiteElo "2240"]
[BlackElo "1938"]
[PlyCount "71"]
[EventDate "2017.05.10"]

1. d4 d5 2. Nc3 e6 3. Bf4 Nf6 4. Nb5 Na6 5. a3 c6 6. Nc3 c5 7. e3 Be7 8. Nf3
O-O 9. Ne5 Nb8 10. g4 Nc6 11. g5 Ne4 12. Nxc6 bxc6 13. Nxe4 dxe4 14. dxc5 Qa5+
15. b4 Qa4 16. c3 Qxd1+ 17. Rxd1 a5 18. Bg2 f5 19. O-O axb4 20. axb4 Ba6 21.
Rfe1 Bd3 22. Ra1 Rfc8 23. Bf1 Bxf1 24. Kxf1 Kf7 25. Red1 Kg6 26. Rxa8 Rxa8 27.
Rd7 Bxg5 28. Bxg5 Kxg5 29. Rxg7+ Kf6 30. Rc7 Ra1+ 31. Kg2 Rc1 32. Rxc6 Rxc3 33.
b5 Ke5 34. b6 Kd5 35. Rc7 Rb3 36. b7 1-0

[Event "Copenhagen Chess Challenge 2017"]
[Site "Ballerup"]
[Date "2017.05.13"]
[Round "7.20"]
[White "Rebers, Eugene"]
[Black "Slettebo, Jan"]
[Result "1-0"]
[WhiteElo "2200"]
[BlackElo "2020"]
[PlyCount "63"]
[EventDate "2017.05.10"]

1. Nf3 d5 2. g3 Nc6 3. Bg2 e5 4. d3 Bg4 5. c3 Qd7 6. b4 f6 7. Nbd2 Nh6 8. O-O
Nf7 9. Qc2 a6 10. e4 Rd8 11. exd5 Qxd5 12. d4 Qd7 13. Re1 Be7 14. a4 Bxf3 15.
Nxf3 O-O 16. b5 axb5 17. axb5 Nb8 18. Qb3 Kh8 19. dxe5 fxe5 20. Be3 Bf6 21.
Red1 Nd6 22. Rab1 b6 23. Nd2 Qf5 24. Qd5 Qh5 25. Bf3 Qe8 26. Nc4 e4 27. Nxd6
Rxd6 28. Qxe4 Rxd1+ 29. Rxd1 Qxb5 30. c4 Qe8 31. Qb7 Qc8 32. Bf4 1-0

[Event "Copenhagen Chess Challenge 2017"]
[Site "Ballerup"]
[Date "2017.05.13"]
[Round "7.21"]
[White "Andersen, Kim Nyvang"]
[Black "Kistrup, Nicolai"]
[Result "0-1"]
[WhiteElo "2011"]
[BlackElo "2185"]
[PlyCount "58"]
[EventDate "2017.05.10"]

1. d4 Nf6 2. c4 e6 3. Nc3 Bb4 4. e3 O-O 5. Nge2 c6 6. a3 Ba5 7. b4 Bc7 8. e4 d5
9. e5 Ne8 10. c5 f6 11. f4 Nd7 12. Be3 fxe5 13. dxe5 Nxe5 14. fxe5 Bxe5 15. Qd2
a5 16. b5 cxb5 17. O-O-O b4 18. Nb5 Nf6 19. Bg5 Qe8 20. Ng3 Bd7 21. Nd6 Bxd6
22. cxd6 Ba4 23. Re1 Rc8+ 24. Kb1 Bc2+ 25. Ka1 Qa4 26. Qe3 Rc3 27. Qxe6+ Kh8
28. Bc1 Rxa3+ 29. Bxa3 Qxa3# 0-1

[Event "Copenhagen Chess Challenge 2017"]
[Site "Ballerup"]
[Date "2017.05.13"]
[Round "7.22"]
[White "Sorensen, Per Settergren"]
[Black "Eriksson, Christian Altenburg"]
[Result "0-1"]
[WhiteElo "1980"]
[BlackElo "2170"]
[PlyCount "132"]
[EventDate "2017.05.10"]

1. Nf3 d5 2. g3 c6 3. Bg2 Bg4 4. O-O e6 5. d4 Nd7 6. h3 Bh5 7. b3 Bd6 8. Bb2
Ne7 9. c4 O-O 10. Nbd2 a5 11. a3 Bg6 12. Nh4 f5 13. Nxg6 Nxg6 14. cxd5 cxd5 15.
e3 Qb6 16. Nf3 Rac8 17. Ng5 Be7 18. Nf3 Rc6 19. Qd3 a4 20. b4 Rfc8 21. Rfc1
Rxc1+ 22. Rxc1 Rxc1+ 23. Bxc1 Qc6 24. Bb2 Nb6 25. Nd2 Bd6 26. Bf1 Ne7 27. Qc3
Qd7 28. Bd3 h5 29. h4 Qc7 30. Qxc7 Bxc7 31. Bb5 Nec8 32. Be2 g6 33. Nf3 Kf7 34.
Ne5+ Bxe5 35. dxe5 Nc4 36. Bc1 N8b6 37. f4 Na8 38. Bd1 b5 39. Kf2 Ke7 40. Ke2
Nab6 41. Kd3 Kd7 42. Kc3 Kc7 43. Kd4 Kc6 44. Bc2 Nc8 45. Bd1 Ne7 46. Be2 Ng8
47. e4 fxe4 48. g4 hxg4 49. Bxg4 e3 50. Bxe3 Nxa3 51. Kc3 Kd7 52. h5 gxh5 53.
Bxh5 Ne7 54. Bf2 Nc4 55. Be2 Nf5 56. Bd1 Ke7 57. Bh5 d4+ 58. Kc2 Nfe3+ 59. Kc1
d3 60. Bf3 d2+ 61. Kb1 d1=Q+ 62. Bxd1 Nxd1 63. Bc5+ Kd7 64. Kc2 Nde3+ 65. Kd3
Nf5 66. Kc3 Kc6 0-1

[Event "Copenhagen Chess Challenge 2017"]
[Site "Ballerup"]
[Date "2017.05.13"]
[Round "7.23"]
[White "Harstad, Christian"]
[Black "Thorsbro, Peter"]
[Result "0-1"]
[WhiteElo "1979"]
[BlackElo "2195"]
[PlyCount "72"]
[EventDate "2017.05.10"]

1. d4 f5 2. Bg5 Nf6 3. Bxf6 exf6 4. e3 g6 5. Qf3 d5 6. Bd3 Be6 7. Ne2 Qd7 8.
Nf4 Bf7 9. Nd2 Nc6 10. a3 O-O-O 11. c4 Ne7 12. Rc1 Kb8 13. c5 c6 14. Qe2 h5 15.
Kd1 Bh6 16. Nh3 Rhe8 17. f4 Ng8 18. Qf2 Bf8 19. Rc3 Nh6 20. Re1 Ng4 21. Qg1 Re6
22. Be2 Rde8 23. Bf3 Be7 24. Bxg4 fxg4 25. Nf2 Bd8 26. Nd3 R6e7 27. Qf2 Be6 28.
Nf1 Bc7 29. Re2 g3 30. Qxg3 Bg4 31. Qh4 Qf5 32. h3 Bxe2+ 33. Kxe2 Qe4 34. Kf2
g5 35. Qxh5 gxf4 36. Nb4 fxe3+ 0-1

[Event "Copenhagen Chess Challenge 2017"]
[Site "Ballerup"]
[Date "2017.05.13"]
[Round "7.24"]
[White "Brinck Claussen, Bjorn"]
[Black "Tandrup, Michael"]
[Result "1-0"]
[WhiteElo "2227"]
[BlackElo "1906"]
[PlyCount "127"]
[EventDate "2017.05.10"]

1. d4 Nf6 2. c4 g6 3. Nc3 d5 4. Nf3 Bg7 5. Bg5 c6 6. e3 h6 7. Bh4 g5 8. Bg3 Qa5
9. Qd2 Nbd7 10. h3 O-O 11. Be2 dxc4 12. Bxc4 Nb6 13. Bb3 Nbd5 14. Be5 Nxc3 15.
Qxc3 Qxc3+ 16. bxc3 Ne4 17. Rc1 Bxe5 18. Nxe5 Kg7 19. f3 Ng3 20. Rg1 f6 21. Nc4
Nf5 22. Kf2 Nd6 23. Nb2 b6 24. Nd3 Bd7 25. c4 Nb7 26. c5 b5 27. d5 Na5 28. Nb4
Rac8 29. Rgd1 Nxb3 30. axb3 a5 31. dxc6 Bxc6 32. Nxc6 Rxc6 33. Rd7 Kf7 34. Rb7
b4 35. Ra7 Rd8 36. Ke2 f5 37. Rxa5 e5 38. Rb5 Rd5 39. Rc4 e4 40. fxe4 fxe4 41.
Rbxb4 Rcxc5 42. Rxc5 Rxc5 43. Rxe4 Rc2+ 44. Kf3 h5 45. Rb4 Kf6 46. Rb6+ Ke5 47.
Rh6 g4+ 48. hxg4 hxg4+ 49. Kxg4 Rxg2+ 50. Kf3 Rb2 51. Rh5+ Ke6 52. Rb5 Rh2 53.
b4 Rh4 54. e4 Rh3+ 55. Kf4 Rh4+ 56. Ke3 Rh1 57. Rg5 Rb1 58. b5 Rb3+ 59. Kf4 Rb4
60. Rh5 Kf6 61. Rh6+ Ke7 62. b6 Kf7 63. Kf5 Kg7 64. Rc6 1-0

[Event "Copenhagen Chess Challenge 2017"]
[Site "Ballerup"]
[Date "2017.05.13"]
[Round "7.25"]
[White "Moe, Mogens"]
[Black "Larsen, Preben R"]
[Result "1-0"]
[WhiteElo "2185"]
[BlackElo "1841"]
[PlyCount "77"]
[EventDate "2017.05.10"]

1. e4 c5 2. Nf3 Nc6 3. d4 cxd4 4. Nxd4 e5 5. Nb5 a6 6. N5c3 Bc5 7. Be2 Nge7 8.
O-O O-O 9. Nd2 Nd4 10. Nb3 d6 11. Bg5 Be6 12. Qd2 f6 13. Be3 Nxb3 14. axb3 Bxe3
15. Qxe3 d5 16. exd5 Nxd5 17. Nxd5 Qxd5 18. Qb6 Qd7 19. Rfd1 Qe7 20. Rd6 Bf5
21. c4 Rfd8 22. Rad1 Rxd6 23. Rxd6 Rc8 24. c5 Kf7 25. g4 Bg6 26. Bc4+ Kf8 27.
Bd5 Bf7 28. Be4 Qc7 29. b4 Qxb6 30. Rxb6 a5 31. Bxb7 Rc7 32. bxa5 Rxc5 33. a6
Ra5 34. b4 Ra3 35. Be4 Bc4 36. Rb8+ Ke7 37. Rb7+ Kd6 38. a7 Be2 39. Rxg7 1-0

[Event "Copenhagen Chess Challenge 2017"]
[Site "Ballerup"]
[Date "2017.05.13"]
[Round "7.26"]
[White "Nielsen, Carsten Juul"]
[Black "Nilssen, Ellen Fredericia"]
[Result "1-0"]
[WhiteElo "1897"]
[BlackElo "1926"]
[PlyCount "61"]
[EventDate "2017.05.10"]

1. d4 e6 2. c4 d5 3. Nc3 Be7 4. Nf3 Nf6 5. Bf4 c6 6. e3 Nbd7 7. Rc1 O-O 8. Bd3
Re8 9. Qc2 Nf8 10. Ne5 Ng6 11. Bg3 Nh5 12. Ne2 Nxg3 13. hxg3 Bf6 14. Bxg6 hxg6
15. Rh8+ Kxh8 16. Nxf7+ Kg8 17. Nxd8 Rxd8 18. Qxg6 Bd7 19. Nf4 Kf8 20. Qc2 Kf7
21. Nd3 Ke7 22. f4 Rh8 23. Kf2 Be8 24. Ne5 Rh6 25. Qb3 Rb8 26. Qa3+ Kd8 27.
Qd6+ Kc8 28. Qxe6+ Kd8 29. Qd6+ Kc8 30. cxd5 Bxe5 31. Qxe5 1-0

[Event "Copenhagen Chess Challenge 2017"]
[Site "Ballerup"]
[Date "2017.05.13"]
[Round "7.27"]
[White "Nielsen, Thomas Bach"]
[Black "Andersen, Soren Mikkel"]
[Result "0-1"]
[WhiteElo "2163"]
[BlackElo "2111"]
[PlyCount "66"]
[EventDate "2017.05.10"]

1. d4 d5 2. c4 c6 3. cxd5 cxd5 4. Nc3 Nf6 5. Nf3 Nc6 6. Bf4 a6 7. Rc1 Bf5 8. e3
e6 9. Ne5 Qb6 10. Nxc6 bxc6 11. Qb3 Qxb3 12. axb3 Bb4 13. f3 Ke7 14. g4 Bg6 15.
Kd2 Nd7 16. Bd3 c5 17. h4 e5 18. dxe5 d4 19. Ra1 dxc3+ 20. bxc3 Bxd3 21. Kxd3
c4+ 22. Kxc4 Bc5 23. b4 Bb6 24. Rhd1 Bc7 25. Kd5 Rhd8 26. Ke4 Ke6 27. Rd5 g6
28. c4 f5+ 29. gxf5+ gxf5+ 30. Kd4 Nxe5 31. Rxd8 Nxf3+ 32. Kc3 Bxd8 33. b5 Bf6+
0-1

[Event "Copenhagen Chess Challenge 2017"]
[Site "Ballerup"]
[Date "2017.05.13"]
[Round "7.28"]
[White "Adinolfi, Vincenzo"]
[Black "Marthedal, Anton Mehmet Yildiz"]
[Result "1/2-1/2"]
[WhiteElo "2108"]
[BlackElo "1855"]
[PlyCount "75"]
[EventDate "2017.05.10"]

1. d4 d5 2. Nf3 Nf6 3. Bf4 c5 4. e3 Nc6 5. c3 Qb6 6. Qb3 c4 7. Qxb6 axb6 8.
Nbd2 Bf5 9. Be2 h6 10. O-O e6 11. Ne5 Be7 12. g4 Bh7 13. h4 g5 14. hxg5 hxg5
15. Bg3 Nd7 16. Nxd7 Kxd7 17. Kg2 b5 18. a3 Raf8 19. Rh1 Bg6 20. Rxh8 Rxh8 21.
Rh1 Rxh1 22. Kxh1 Bc2 23. Kg1 Na7 24. Kf1 Nc8 25. Ke1 Nb6 26. Bd1 Bxd1 27. Kxd1
Bd6 28. Bxd6 Kxd6 29. f4 gxf4 30. exf4 Nd7 31. Nf3 f6 32. Kd2 Ke7 33. Ke3 Nb6
34. Kd2 Nd7 35. Kc2 Nb6 36. Nd2 Kd6 37. Nf3 Ke7 38. Kd2 1/2-1/2

[Event "Copenhagen Chess Challenge 2017"]
[Site "Ballerup"]
[Date "2017.05.13"]
[Round "7.30"]
[White "Stage Steffensen, Sander"]
[Black "Liu, Casper Yukun"]
[Result "1-0"]
[WhiteElo "1952"]
[BlackElo "1803"]
[PlyCount "59"]
[EventDate "2017.05.10"]

1. e4 e5 2. Nf3 Nc6 3. Bc4 Bc5 4. d3 h6 5. Be3 Bb6 6. Bxb6 axb6 7. c3 Nf6 8.
Nbd2 O-O 9. O-O d6 10. Re1 Ne7 11. d4 Ng6 12. Nf1 Qe7 13. Ng3 Nf4 14. Nf5 Bxf5
15. exf5 d5 16. Rxe5 Qd6 17. Bb3 Ne4 18. Nd2 Nf6 19. Qf3 g5 20. h4 Nd7 21. Re3
gxh4 22. Qg4+ Kh7 23. Qxh4 Rg8 24. g3 Nf6 25. Kf1 Ng4 26. Rf3 Rg5 27. Rxf4 Nf6
28. Qh3 Rag8 29. Nf3 Rh5 30. Rh4 1-0

[Event "Copenhagen Chess Challenge 2017"]
[Site "Ballerup"]
[Date "2017.05.13"]
[Round "7.31"]
[White "Nielsen, Thomas (1975)"]
[Black "Winther, Bjarke Rosenborg"]
[Result "1-0"]
[WhiteElo "1916"]
[BlackElo "1784"]
[PlyCount "91"]
[EventDate "2017.05.10"]

1. d4 d5 2. c4 c6 3. Nc3 Nf6 4. Nf3 dxc4 5. e4 Bg4 6. e5 Nd5 7. Bxc4 e6 8. h3
Bf5 9. O-O Be7 10. a3 O-O 11. Bd3 Bxd3 12. Qxd3 Nxc3 13. Qxc3 Na6 14. Be3 Nc7
15. Rad1 Nd5 16. Qd3 a5 17. Nd2 Rc8 18. Ne4 Nxe3 19. Qxe3 Qd5 20. Rfe1 Rfd8 21.
Qg3 Kh8 22. Qf3 Kg8 23. Qg4 Kh8 24. Qf4 Rf8 25. Nc3 Qd8 26. Qe4 b5 27. Re3 b4
28. axb4 axb4 29. Ne2 c5 30. d5 exd5 31. Rxd5 Qc7 32. e6 fxe6 33. Qxe6 Bf6 34.
Rd7 Qc6 35. Rd6 Qa4 36. b3 Qa8 37. Ra6 Qb7 38. Qc4 Qf7 39. Rae6 h6 40. Qe4 Qa7
41. Nf4 Kg8 42. Ng6 Rfd8 43. Ne7+ Bxe7 44. Rxe7 Qa1+ 45. Kh2 Qd4 46. Qe6+ 1-0

[Event "Copenhagen Chess Challenge 2017"]
[Site "Ballerup"]
[Date "2017.05.13"]
[Round "7.32"]
[White "Kallenbach, Uffe"]
[Black "Oltzen, Samuel"]
[Result "0-1"]
[WhiteElo "1698"]
[BlackElo "1914"]
[PlyCount "52"]
[EventDate "2017.05.10"]

1. e4 c5 2. c3 Nf6 3. e5 Nd5 4. d4 cxd4 5. Nf3 d6 6. Qxd4 e6 7. exd6 Nc6 8. Qd1
Bxd6 9. Bc4 Nb6 10. Bb3 O-O 11. O-O Qc7 12. Nbd2 Rd8 13. Qe2 Bd7 14. Ne4 Be7
15. Re1 a6 16. Neg5 h6 17. Ne4 Na5 18. Bc2 Bb5 19. Qe3 Nd5 20. Qd2 Nb4 21. Nd4
Rxd4 22. Qxd4 Nxc2 23. Qd1 Nxa1 24. Be3 Nc4 25. Qxa1 Nxe3 26. Rxe3 Bc6 0-1

[Event "Copenhagen Chess Challenge 2017"]
[Site "Ballerup"]
[Date "2017.05.13"]
[Round "7.33"]
[White "Winkler, Finn Lukas"]
[Black "Bendixen, Daniel"]
[Result "1-0"]
[WhiteElo "1824"]
[BlackElo "1855"]
[PlyCount "71"]
[EventDate "2017.05.10"]

1. b4 e5 2. Bb2 Bxb4 3. Bxe5 Nf6 4. Nf3 Nc6 5. Bb2 d5 6. e3 O-O 7. Be2 Bd6 8.
Na3 Re8 9. h3 a6 10. c4 d4 11. Nc2 dxe3 12. Nxe3 Ne5 13. Qc2 Ng6 14. g3 c6 15.
Kf1 Bb8 16. h4 Ne4 17. h5 Nf8 18. h6 Ng6 19. Kg2 Nxg3 20. fxg3 Qd6 21. Rag1
Qxg3+ 22. Kf1 Bh3+ 23. Rxh3 Qxh3+ 24. Kf2 Ba7 25. Qc3 f6 26. hxg7 Bxe3+ 27.
dxe3 Qh6 28. c5 Qxg7 29. Bc4+ Kf8 30. Qxf6+ Qxf6 31. Bxf6 b5 32. cxb6 Rab8 33.
Ng5 Rec8 34. Nxh7+ Ke8 35. Rxg6 Rxb6 36. Be6 1-0

[Event "Copenhagen Chess Challenge 2017"]
[Site "Ballerup"]
[Date "2017.05.13"]
[Round "7.34"]
[White "Sundin, Sven Ingvar"]
[Black "Steenstrup, Svend"]
[Result "0-1"]
[WhiteElo "1605"]
[BlackElo "1916"]
[PlyCount "68"]
[EventDate "2017.05.10"]

1. e4 g6 2. d4 Nf6 3. Bd3 d5 4. e5 Nh5 5. Nf3 Nc6 6. O-O Bg4 7. c3 Qd7 8. Be3
f6 9. exf6 exf6 10. Be2 Bd6 11. Nbd2 Nf4 12. c4 O-O-O 13. c5 Nxe2+ 14. Qxe2 Bf8
15. h3 Bf5 16. Qb5 a6 17. Qb3 g5 18. Nh2 h5 19. f3 Bg7 20. a4 g4 21. fxg4 hxg4
22. hxg4 Bxg4 23. Nxg4 Qxg4 24. Qd1 f5 25. Qxg4 fxg4 26. Nb3 Rde8 27. Rfe1 Nb4
28. Re2 Nc2 29. Rxc2 Rxe3 30. Rc3 Bh6 31. Nc1 g3 32. Nd3 Re2 33. Kf1 Rd2 34.
Kg1 Be3+ 0-1

[Event "Copenhagen Chess Challenge 2017"]
[Site "Ballerup"]
[Date "2017.05.13"]
[Round "7.35"]
[White "Christophersen, David"]
[Black "Kvaloy, Aksel Bu"]
[Result "1/2-1/2"]
[WhiteElo "1788"]
[BlackElo "1706"]
[PlyCount "101"]
[EventDate "2017.05.10"]

1. c4 e5 2. g3 Nf6 3. Bg2 c6 4. e4 Bc5 5. Nc3 O-O 6. Nge2 Qe7 7. O-O d6 8. d3
h6 9. h3 Bb6 10. Kh2 Rd8 11. b4 Be6 12. f4 a5 13. b5 Bc7 14. Rb1 d5 15. f5 Bc8
16. exd5 cxd5 17. Nxd5 Nxd5 18. Bxd5 Nd7 19. Qb3 a4 20. Qc2 Nf6 21. Nc3 Qd7 22.
Ba3 Nxd5 23. Nxd5 b6 24. Qg2 Bb7 25. Nf6+ gxf6 26. Qxb7 Qxd3 27. Be7 Qe2+ 28.
Qg2 Rd2 29. Qxe2 Rxe2+ 30. Kg1 Rxa2 31. Bxf6 a3 32. Be7 Rb2 33. Ra1 a2 34. g4
e4 35. Bf6 Rc2 36. Rf2 Rxf2 37. Kxf2 Bf4 38. Ke2 Kf8 39. h4 Ke8 40. g5 hxg5 41.
hxg5 Ra3 42. g6 fxg6 43. fxg6 Rh3 44. Rf1 Bh6 45. g7 Rg3 46. Ra1 Bxg7 47. Bxg7
Rxg7 48. Ke3 Ra7 49. Kxe4 Ke7 50. Kd5 Kd7 51. c5 1/2-1/2

[Event "Copenhagen Chess Challenge 2017"]
[Site "Ballerup"]
[Date "2017.05.13"]
[Round "7.36"]
[White "Hentley, Darryl"]
[Black "Nielsen, Thomas (1994)"]
[Result "0-1"]
[WhiteElo "1643"]
[BlackElo "1582"]
[PlyCount "116"]
[EventDate "2017.05.10"]

1. e4 e6 2. d4 d5 3. exd5 exd5 4. c4 Nf6 5. Nf3 Be7 6. Nc3 c6 7. Bf4 dxc4 8.
Bxc4 O-O 9. O-O Nbd7 10. Qc2 Nh5 11. Bg3 Nxg3 12. fxg3 Nb6 13. Bb3 Bf6 14. Rad1
Nd5 15. Ne4 Ne3 16. Nxf6+ Qxf6 17. Qc5 Bg4 18. Ne5 Nxf1 19. Rxf1 Qg5 20. Bxf7+
Rxf7 21. Rxf7 Qe3+ 22. Rf2 Be6 23. Nc4 Bxc4 24. Qxc4+ Kh8 25. Qc3 Qe6 26. b3 h6
27. Kf1 Qg6 28. Qc2 Qd6 29. Qc4 Qg6 30. Qc2 Qd6 31. Qc5 Qg6 32. Rf5 b6 33. Rf8+
Rxf8+ 34. Qxf8+ Kh7 35. Qf2 Qb1+ 36. Qe1 Qd3+ 37. Qe2 Qxd4 38. Qc2+ Kg8 39.
Qc4+ Qxc4+ 40. bxc4 Kf7 41. Ke2 Ke6 42. Kd3 Ke5 43. a4 a6 44. Ke3 b5 45. cxb5
cxb5 46. a5 Kd5 47. Kd3 Kc5 48. g4 Kb4 49. h4 Kb3 50. g5 hxg5 51. hxg5 b4 52.
Kd4 Kc2 53. Kc5 b3 54. Kb6 b2 55. Kxa6 b1=Q 56. Ka7 Qg1+ 57. Kb8 Qxg2 58. a6
Qxg5 0-1

[Event "Copenhagen Chess Challenge 2017"]
[Site "Ballerup"]
[Date "2017.05.14"]
[Round "8.1"]
[White "Chatalbashev, Boris"]
[Black "Andersen, Mads"]
[Result "1-0"]
[WhiteElo "2546"]
[BlackElo "2582"]
[PlyCount "75"]
[EventDate "2017.05.10"]

1. c4 c5 2. Nf3 Nc6 3. Nc3 g6 4. d4 cxd4 5. Nxd4 Bg7 6. Nc2 Bxc3+ 7. bxc3 Nf6
8. g3 Qa5 9. Ne3 d6 10. Bg2 O-O 11. O-O Be6 12. Rb1 Rab8 13. Nd5 Bxd5 14. cxd5
Ne5 15. Be3 Nc4 16. Bd4 Rfc8 17. a4 Rc7 18. e4 Qa6 19. Re1 b6 20. f4 Nd7 21. e5
Nc5 22. Rb4 Na5 23. c4 Qc8 24. exd6 exd6 25. Ba1 Qf8 26. Rb2 Rcc8 27. Rbe2 Re8
28. Bh3 f6 29. Be6+ Nxe6 30. Rxe6 Rxe6 31. Rxe6 Qc8 32. f5 Qxc4 33. fxg6 hxg6
34. Rxf6 Qe4 35. Re6 Qf5 36. Qd4 Qb1+ 37. Kg2 Qc2+ 38. Kh3 1-0

[Event "Copenhagen Chess Challenge 2017"]
[Site "Ballerup"]
[Date "2017.05.14"]
[Round "8.2"]
[White "Getz, Nicolai"]
[Black "Rasmussen, Allan Stig"]
[Result "1-0"]
[WhiteElo "2378"]
[BlackElo "2547"]
[PlyCount "99"]
[EventDate "2017.05.10"]

1. e4 c6 2. d4 d5 3. Nc3 dxe4 4. Nxe4 Nd7 5. Nf3 Ngf6 6. Ng3 e6 7. Bc4 b5 8.
Bd3 c5 9. c3 a6 10. O-O Be7 11. Qe2 O-O 12. Bc2 Bb7 13. Rd1 Qb6 14. Ne5 Rad8
15. Be3 g6 16. h4 Qc7 17. Bh6 Rfe8 18. Rac1 cxd4 19. cxd4 Qb6 20. h5 Nf8 21.
Be3 Nd5 22. hxg6 hxg6 23. Bh6 Nf6 24. Ne4 Bxe4 25. Bxe4 Rxd4 26. Bf3 Bc5 27.
Rxd4 Bxd4 28. Nc6 e5 29. Nxd4 Qxd4 30. Be3 Qa4 31. b3 Qa3 32. Bc6 Rc8 33. Qf3
Qd6 34. Rc2 b4 35. g4 N8h7 36. g5 e4 37. Bxe4 Rxc2 38. Bxc2 Nd5 39. Bd2 Nc3 40.
Bd3 Qe5 41. Bf4 Qe7 42. Qg4 a5 43. Be3 Qd8 44. Bc4 Nxa2 45. Qe4 Nf8 46. Qe5 Nd7
47. Qd6 Kh7 48. Bxf7 Kg7 49. Bxg6 Qf8 50. Bd4+ 1-0

[Event "Copenhagen Chess Challenge 2017"]
[Site "Ballerup"]
[Date "2017.05.14"]
[Round "8.3"]
[White "Urkedal, Frode"]
[Black "Haubro, Martin"]
[Result "1-0"]
[WhiteElo "2540"]
[BlackElo "2356"]
[PlyCount "61"]
[EventDate "2017.05.10"]

1. Nf3 f5 2. d3 Nc6 3. d4 e6 4. c4 Nf6 5. g3 d6 6. d5 Ne5 7. Ng5 exd5 8. cxd5
h6 9. Nh3 c5 10. Bg2 g6 11. Nc3 Bg7 12. Nf4 O-O 13. O-O Rb8 14. Rb1 Qe7 15. b4
g5 16. Ne6 Bxe6 17. dxe6 cxb4 18. Rxb4 Nc6 19. Rb5 Qxe6 20. Rd5 Rfd8 21. Nb5
Ne4 22. f3 Nf6 23. f4 a6 24. fxg5 hxg5 25. Nc7 Qe7 26. Rdxf5 Qxc7 27. Bxg5 Nh7
28. Bxd8 Rxd8 29. Qd5+ Kh8 30. Rh5 Re8 31. Rxh7+ 1-0

[Event "Copenhagen Chess Challenge 2017"]
[Site "Ballerup"]
[Date "2017.05.14"]
[Round "8.4"]
[White "Englert, Fabian"]
[Black "Nikolovski, Nikola"]
[Result "1/2-1/2"]
[WhiteElo "2375"]
[BlackElo "2366"]
[PlyCount "89"]
[EventDate "2017.05.10"]

1. d4 f5 2. g3 Nf6 3. Bg2 e6 4. c4 Be7 5. Nf3 O-O 6. O-O d6 7. Nc3 Ne4 8. Nxe4
fxe4 9. Nd2 d5 10. f3 Nc6 11. e3 exf3 12. Rxf3 Bf6 13. Rf1 Kh8 14. Kh1 Ne7 15.
Nf3 Nf5 16. b3 b6 17. g4 Nd6 18. g5 Be7 19. Ne5 Bb7 20. g6 Rxf1+ 21. Qxf1 Qf8
22. Ba3 Nf5 23. Bxe7 Qxe7 24. gxh7 Kxh7 25. cxd5 Rf8 26. Be4 Bxd5 27. Qh3+ Kg8
28. Bxd5 exd5 29. Rf1 Qh4 30. Qxh4 Nxh4 31. Rxf8+ Kxf8 32. Kg1 Ke7 33. b4 a6
34. Kf2 Ke6 35. Kg3 Nf5+ 36. Kf4 Nd6 37. a4 Nc4 38. Nd3 a5 39. bxa5 Nxa5 40. h4
Nc4 41. h5 Kf6 42. Nb4 Ke6 43. Nd3 Kf6 44. Nb4 Ke6 45. Nd3 1/2-1/2

[Event "Copenhagen Chess Challenge 2017"]
[Site "Ballerup"]
[Date "2017.05.14"]
[Round "8.5"]
[White "Teplyi, Igor"]
[Black "Ochsner, Bjorn Moller"]
[Result "1/2-1/2"]
[WhiteElo "2440"]
[BlackElo "2436"]
[PlyCount "137"]
[EventDate "2017.05.10"]

1. d4 Nf6 2. Nf3 g6 3. c3 Bg7 4. Bg5 O-O 5. Nbd2 d6 6. e4 c5 7. dxc5 dxc5 8.
Be2 Nc6 9. O-O Qc7 10. Qc2 b6 11. Rfe1 h6 12. Bh4 Nh5 13. Nc4 Bb7 14. a4 Rad8
15. Bf1 g5 16. Bg3 Nxg3 17. hxg3 e6 18. Nh2 Kh8 19. Rad1 Rxd1 20. Qxd1 Ba6 21.
Ne3 Bxf1 22. Rxf1 Qd8 23. Qh5 Qf6 24. f4 gxf4 25. gxf4 Re8 26. Qf3 Qh4 27. g3
Qd8 28. Rd1 Qc7 29. Qh5 Rd8 30. Rxd8+ Qxd8 31. Qe2 Kg8 32. Nhg4 Ne7 33. Nc4 Qd7
34. Qc2 f5 35. Nge3 fxe4 36. Qxe4 Nf5 37. g4 Nxe3 38. Nxe3 Kh8 39. g5 hxg5 40.
fxg5 Qd2 41. g6 Qe1+ 42. Kg2 Qe2+ 43. Kg3 Qe1+ 44. Kh3 Bf6 45. Qxe6 Qh4+ 46.
Kg2 Qg5+ 47. Qg4 Kg7 48. Kf3 Kxg6 49. Qe4+ Kf7 50. Qb7+ Kg6 51. Qd7 Qh5+ 52.
Ke4 Qh1+ 53. Kd3 Qb1+ 54. Ke2 Qxb2+ 55. Kf3 Qxc3 56. Qe8+ Kg5 57. Qe4 Kh6 58.
Kg4 Qb4 59. Nc4 Qxa4 60. Kf5 Qd7+ 61. Kxf6 Qg7+ 62. Ke6 Qg6+ 63. Qxg6+ Kxg6 64.
Kd5 Kf5 65. Nd6+ Kf4 66. Nc8 Ke3 67. Nxa7 Kd3 68. Nb5 c4 69. Kc6 1/2-1/2

[Event "Copenhagen Chess Challenge 2017"]
[Site "Ballerup"]
[Date "2017.05.14"]
[Round "8.6"]
[White "Hector, Jonny"]
[Black "Arman, Deniz"]
[Result "1-0"]
[WhiteElo "2498"]
[BlackElo "2377"]
[PlyCount "143"]
[EventDate "2017.05.10"]

1. e4 c5 2. Nf3 d6 3. d4 cxd4 4. Nxd4 Nf6 5. Nc3 a6 6. Bg5 e6 7. f4 Nbd7 8. Qe2
h6 9. Bh4 Qc7 10. O-O-O Be7 11. Bg3 Nb6 12. e5 dxe5 13. fxe5 Nfd5 14. Ne4 Bd7
15. Kb1 Rc8 16. Nd6+ Bxd6 17. exd6 Qc5 18. Nb3 Qe3 19. Qg4 Qg5 20. Qd4 O-O 21.
Bd3 f6 22. Rhe1 Rfe8 23. Qe4 e5 24. Bh4 Qh5 25. Bf2 f5 26. Qe2 Qf7 27. Qd2 Qf6
28. c4 Nf4 29. Bxb6 Qxd6 30. c5 Qg6 31. Bc4+ Be6 32. Bxe6+ Rxe6 33. g3 Nh3 34.
Qd5 f4+ 35. Ka1 Kh7 36. Rxe5 Rxe5 37. Qxe5 f3 38. Nd2 Re8 39. Qc3 f2 40. Nf1
Qg4 41. Rb1 Qe4 42. a3 Kh8 43. Qd2 Qf3 44. Ba5 Re2 45. Qd8+ Kh7 46. Bc3 Ng5 47.
Qd7 Ne6 48. h4 Qg4 49. Qd3+ Kg8 50. Nh2 Qe4 51. Qxe4 Rxe4 52. Rf1 Nxc5 53. Rxf2
a5 54. Kb1 a4 55. Kc2 Nb3 56. Nf1 Re7 57. Nd2 Na1+ 58. Kd1 Rd7 59. Rf4 Rd3 60.
g4 Rh3 61. h5 Rh1+ 62. Ke2 b5 63. Rb4 Nc2 64. Rxb5 Rh2+ 65. Kf3 Ne1+ 66. Ke4
Re2+ 67. Kd5 Rg2 68. Rb4 Nc2 69. Re4 Rg3 70. Nc4 Kf7 71. Nd6+ Kg8 72. Re8+ 1-0